000 00286nam a22001337a 4500
008 170328b xxu||||| |||| 00| 0 eng d
020 _a9781570715822
041 _aeng
080 _a796.3
100 _a8
101 _aSHM
245 _aAND THE FANS ROARED
_cGARNER.J
942 _2udc
_cBK
999 _c8831
_d8831